| 000 | 00441nam a22001577a 4500 | ||
|---|---|---|---|
| 003 | OSt | ||
| 008 | 241223b |||||||| |||| 00| 0 eng d | ||
| 020 | _a9788173196997 | ||
| 082 |
_a621.47 _bKOT/WI |
||
| 100 |
_aKothari,D.P _aUmashankar,S. _96530 |
||
| 245 | _aWind Energy Systems And Applications | ||
| 260 |
_aNew Delhi _bNarosa Publishing House _c2014 |
||
| 300 | _a286 | ||
| 490 | _aNarosa Series In Power And Energy Systems | ||
| 942 | _cBK | ||
| 999 |
_c14268 _d14268 |
||